• 首页
  • 本馆介绍
  • 公告通知
  • 最新文献
  • 馆藏检索
  • 电子资源
  • 读者导购
  • 参考咨询
  • 我的图书馆
  • 登录
  • 详细信息显示
  • 放入我的书架
  • 预约/预借图书
  • 作者相关作品
  • 分类相关作品
  • 丛书相关作品
  • 出版社相关作品

书目信息

  • 表格格式
  • 工作单格式
  • 卡片格式
题名:
做·看·听·说
    
 
作者: 奎尔 著 ;何正平 译
分册:  
出版信息: 北京   华夏出版社  2015.01
页数: 407页
开本: 26cm
丛书名:
单 册:
中图分类: R749.940.5
科图分类:
主题词: 小儿疾病--xiao er ji bing--孤独症--治疗
电子资源:
ISBN: 978-7-5080-8313-1
000 01248nam0 2200265 450
001 0109110113
005 20201109110335.0
010    @a978-7-5080-8313-1@dCNY78.00
100    @a20151327e20202015em y0chiy0110 ea
101 1  @achi@ceng
102    @aCN@b110000
105    @aa z 000yy
106    @ar
200 1  @a做·看·听·说@Azuo · kan · ting · shuo@e孤独症儿童社会性和沟通能力干预指南@dDo-watch-listen-say@esocial and communication intervention for children with autism@f(美)凯思琳·安·奎尔(Kathleen Ann Quill)著@g何正平译@zeng
210    @a北京@c华夏出版社@d2015.01@h2020.05
215    @a407页@c图@d26cm
330    @a本书以调研为基础,集综合评估及干预指导为一身,提出了诸多提高儿童社会性和沟通能力的新观点,涵盖了对孤独症的看法以及干预方案的设计与实施。
510 1  @aDo-watch-listen-say@esocial and communication intervention for children with autism@zeng
517 1  @a孤独症儿童社会性和沟通能力干预指南@Agu du zheng er tong she hui xing he gou tong neng li gan yu zhi nan
606 0  @a小儿疾病@Axiao er ji bing@x孤独症@x治疗
690    @aR749.940.5@v5
701  0 @c(美)@a奎尔@Akui er@c(Quill, Kathleen Ann)@4著
702  0 @a何正平@Ahe zheng ping@4译
801  0 @aCN@bBJSZM@c20201103
905    @b1267017-20@dR749.940.5@e249@f4
    
    做·看·听·说:孤独症儿童社会性和沟通能力干预指南=Do-watch-listen-say:social and communication intervention for children with autism/(美)凯思琳·安·奎尔(Kathleen Ann Quill)著/何正平译.-北京:华夏出版社,2015.01(2020.05)
    407页:图;26cm
    
    
    ISBN 978-7-5080-8313-1:CNY78.00
    本书以调研为基础,集综合评估及干预指导为一身,提出了诸多提高儿童社会性和沟通能力的新观点,涵盖了对孤独症的看法以及干预方案的设计与实施。
●
相关链接 在E读中查询图书 在五车中查询图书 在当当中查询图书 在豆瓣中查询图书


正题名:做·看·听·说     索取号:R749.940.5/249         预约/预借

序号 登录号 条形码 馆藏地/架位号 状态 备注
1 1267017   212670171   第二样本阅览室/ [索取号:R749.940.5/249] 在馆    
2 1267018   212670180   教育系资料室/ [索取号:R749.940.5/249] 在馆    
3 1267019   212670199   教育系资料室/ [索取号:R749.940.5/249] 在馆    
4 1267020   212670206   第三借阅区/ [索取号:R749.940.5/249] 在馆    
唐山师范学院图书馆 欢迎您!
大连网信软件有限公司© 版权所有